[Event "NB II. Barcza csoport"]
[Site "Edeleny"]
[Date "2023.10.29"]
[Round "2.5"]
[White "Kantor, Sandor Dr"]
[Black "Ladanyi, Tibor"]
[Result "0-1"]
[WhiteElo "1791"]
[BlackElo "2001"]
[PlyCount "54"]
[EventDate "2023.10.08"]
[EventType "team-tourn"]
[EventRounds "9"]
[EventCountry "HUN"]
[Source "chess.hu"]
[WhiteTeam "DEAC-Debr.Sakkiskola"]
[BlackTeam "Edelenyi VSE"]
[WhiteTeamCountry "HUN"]
[BlackTeamCountry "HUN"]

1. e4 c5 2. Nf3 Nc6 3. d4 cxd4 4. Nxd4 Nf6 5. Nc3 e5 6. Ndb5 d6 7. Bg5 a6 8.
Bxf6 gxf6 9. Na3 b5 10. Nd5 Bg7 11. c3 f5 12. exf5 Bxf5 13. Nc2 Be6 14. Nce3
O-O 15. Qh5 f5 16. O-O-O b4 17. Bc4 bxc3 18. bxc3 Kh8 19. Kc2 Bf7 20. Qe2 f4
21. Ng4 Rc8 22. Bxa6 Bxd5 23. Bxc8 Qxc8 24. Kc1 Nd4 25. Qd3 e4 26. Qh3 Be6 27.
f3 Qxc3+ 0-1

[Event "NB II. Barcza csoport"]
[Site "Edeleny"]
[Date "2023.10.29"]
[Round "2.6"]
[White "Petyko, Zoltan"]
[Black "Koncz, Istvan"]
[Result "1-0"]
[WhiteElo "2077"]
[BlackElo "1841"]
[PlyCount "69"]
[EventDate "2023.10.08"]
[EventType "team-tourn"]
[EventRounds "9"]
[EventCountry "HUN"]
[Source "chess.hu"]
[WhiteTeam "Edelenyi VSE"]
[BlackTeam "DEAC-Debr.Sakkiskola"]
[WhiteTeamCountry "HUN"]
[BlackTeamCountry "HUN"]

1. e4 c5 2. Nc3 d6 3. g3 Nf6 4. Bg2 Nc6 5. d3 g6 6. h3 Bg7 7. Be3 a6 8. Qd2 e5
9. f4 Nd4 10. Nce2 Bd7 11. c3 Nc6 12. Nf3 Qe7 13. O-O O-O 14. Rae1 d5 15. fxe5
Nxe5 16. Nxe5 Qxe5 17. Bxc5 Rfc8 18. Bd4 Qe7 19. exd5 Qd6 20. Qf4 Qxf4 21. Nxf4
Re8 22. Rxe8+ Rxe8 23. d6 b5 24. Nxg6 Nh5 25. Ne7+ Kf8 26. Bxg7+ Kxg7 27. g4
Nf6 28. c4 bxc4 29. dxc4 Be6 30. c5 Rb8 31. b3 Ne8 32. Bd5 Bxd5 33. Nxd5 Nxd6
34. cxd6 Rd8 35. Ne7 1-0

[Event "NB II. Barcza csoport"]
[Site "Edeleny"]
[Date "2023.10.29"]
[Round "2.7"]
[White "Radai, Balazs"]
[Black "Bako, Martin"]
[Result "1/2-1/2"]
[WhiteElo "1680"]
[BlackElo "1954"]
[PlyCount "92"]
[EventDate "2023.10.08"]
[EventType "team-tourn"]
[EventRounds "9"]
[EventCountry "HUN"]
[Source "chess.hu"]
[WhiteTeam "DEAC-Debr.Sakkiskola"]
[BlackTeam "Edelenyi VSE"]
[WhiteTeamCountry "HUN"]
[BlackTeamCountry "HUN"]

1. c4 c6 2. Nc3 d5 3. e3 Nf6 4. Nf3 e6 5. Qc2 Nbd7 6. cxd5 exd5 7. d4 Bb4 8. a3
Bxc3+ 9. bxc3 Ne4 10. Bd3 Ndf6 11. Rb1 O-O 12. Ne5 Qc7 13. O-O Nd6 14. a4 Re8
15. Ba3 b6 16. c4 Nxc4 17. Bxc4 dxc4 18. Qxc4 c5 19. Qd3 Bb7 20. Rbc1 Qd6 21.
Rfd1 Qd5 22. Nf3 Rad8 23. Qc2 Qh5 24. Qe2 Bxf3 25. Qxf3 Qxf3 26. gxf3 cxd4 27.
exd4 Rd7 28. a5 bxa5 29. Bc5 Nd5 30. Ra1 a4 31. Rd3 Nf4 32. Re3 Rb8 33. Rea3
Ne2+ 34. Kg2 Nf4+ 35. Kg3 Ne6 36. Rxa4 Rbd8 37. Rxa7 g6 38. Rxd7 Rxd7 39. Ra4
Rd5 40. f4 h5 41. h4 Ng7 42. Ra8+ Kh7 43. Ra7 Nf5+ 44. Kh3 Kg7 45. Ra5 Rd7 46.
Rb5 Nxd4 1/2-1/2

[Event "NB II. Barcza csoport"]
[Site "Edeleny"]
[Date "2023.10.29"]
[Round "2.8"]
[White "Kristof, Peter"]
[Black "Szabo, Peter F"]
[Result "1-0"]
[WhiteElo "2067"]
[BlackElo "1572"]
[PlyCount "65"]
[EventDate "2023.10.08"]
[EventType "team-tourn"]
[EventRounds "9"]
[EventCountry "HUN"]
[Source "chess.hu"]
[WhiteTeam "Edelenyi VSE"]
[BlackTeam "DEAC-Debr.Sakkiskola"]
[WhiteTeamCountry "HUN"]
[BlackTeamCountry "HUN"]

1. e4 e5 2. Nc3 Bc5 3. Nf3 Nc6 4. Nxe5 Nxe5 5. d4 Bd6 6. dxe5 Bxe5 7. f4 Bxc3+
8. bxc3 Qf6 9. Qd3 b6 10. e5 Qe6 11. Be2 Bb7 12. Bf3 d5 13. O-O Ne7 14. Ba3 c5
15. h3 h5 16. Qe2 g6 17. Bb2 Nf5 18. Rfd1 Bc6 19. Rd2 c4 20. Rad1 Rd8 21. Qf2
Rd7 22. g3 h4 23. g4 Ng3 24. Ba3 f6 25. Re1 Kf7 26. Bd6 Ne4 27. Bxe4 dxe4 28.
f5 gxf5 29. gxf5 Rg8+ 30. Kf1 Qe8 31. e6+ Kg7 32. exd7 Bxd7 33. Qf4 1-0

[Event "NB II. Barcza csoport"]
[Site "Edeleny"]
[Date "2023.10.29"]
[Round "2.9"]
[White "Biro, Beata"]
[Black "Csukerda, Attila"]
[Result "1/2-1/2"]
[WhiteElo "1574"]
[BlackElo "1905"]
[PlyCount "62"]
[EventDate "2023.10.08"]
[EventType "team-tourn"]
[EventRounds "9"]
[EventCountry "HUN"]
[Source "chess.hu"]
[WhiteTeam "DEAC-Debr.Sakkiskola"]
[BlackTeam "Edelenyi VSE"]
[WhiteTeamCountry "HUN"]
[BlackTeamCountry "HUN"]

1. e4 c6 2. d4 d5 3. exd5 cxd5 4. c4 Nf6 5. Nc3 Nc6 6. Nf3 Bg4 7. cxd5 Nxd5 8.
Be3 e6 9. Be2 Be7 10. O-O O-O 11. Rc1 a6 12. h3 Bh5 13. a3 Qd7 14. Ne4 b6 15.
b4 Bg6 16. Ng3 b5 17. Qd2 Rfd8 18. Rfd1 Bd6 19. Nf1 Rdc8 20. Nh4 Be4 21. Bf3
Bxf3 22. Nxf3 Rc7 23. Qd3 h6 24. N1d2 Nf6 25. Nb3 Rd8 26. Qb1 Nd5 27. Nc5 Bxc5
28. dxc5 Qe7 29. Bd4 f6 30. Bb2 Qf7 31. Qe4 Rcd7 1/2-1/2

[Event "NB II. Barcza csoport"]
[Site "Edeleny"]
[Date "2023.10.29"]
[Round "2.10"]
[White "Galko, Attila"]
[Black "Gajdacs, Jonathan"]
[Result "1-0"]
[WhiteElo "1876"]
[BlackElo "1450"]
[PlyCount "107"]
[EventDate "2023.10.08"]
[EventType "team-tourn"]
[EventRounds "9"]
[EventCountry "HUN"]
[Source "chess.hu"]
[WhiteTeam "Edelenyi VSE"]
[BlackTeam "DEAC-Debr.Sakkiskola"]
[WhiteTeamCountry "HUN"]
[BlackTeamCountry "HUN"]

1. e4 c5 2. b3 Nc6 3. Bb2 e6 4. Nc3 Nf6 5. Bb5 Qc7 6. Bxc6 Qxc6 7. d3 d5 8. Qe2
d4 9. Nb1 e5 10. Nd2 b5 11. Ngf3 Bd6 12. O-O Be6 13. a4 O-O 14. axb5 Qxb5 15.
Nh4 g6 16. g3 Nh5 17. Ng2 Ng7 18. f4 a5 19. Ra4 Bc7 20. Rfa1 Ra6 21. fxe5 Bxe5
22. Nc4 Bxc4 23. Rxc4 Rfa8 24. Rca4 Ne8 25. Rf1 Nf6 26. Qf3 Qe8 27. Bc1 Nd7 28.
Bf4 f6 29. Rfa1 Nb6 30. R4a2 a4 31. bxa4 Rxa4 32. Rxa4 Rxa4 33. Qf1 Qa8 34. Rb1
Rb4 35. Rxb4 cxb4 36. Bxe5 fxe5 37. Qf6 Qa2 38. Ne1 Qa5 39. Qd8+ Kg7 40. Kf2
Qc5 41. Ke2 h6 42. Kd1 Nc8 43. Nf3 Ne7 44. Qb8 Nc6 45. Qc7+ Kf6 46. Nxe5 Qxe5
47. Qxc6+ Kg7 48. Kc1 h5 49. Kb2 h4 50. Qd5 Qb8 51. Qxd4+ Kh7 52. e5 hxg3 53.
hxg3 Qa7 54. Qxa7+ 1-0

[Event "NB II. Barcza csoport"]
[Site "Edeleny"]
[Date "2023.10.29"]
[Round "2.11"]
[White "Orenstein, Mark"]
[Black "Kiraly, Lilla Virag"]
[Result "1/2-1/2"]
[WhiteElo "1363"]
[BlackElo "1812"]
[PlyCount "101"]
[EventDate "2023.10.08"]
[EventType "team-tourn"]
[EventRounds "9"]
[EventCountry "HUN"]
[Source "chess.hu"]
[WhiteTeam "DEAC-Debr.Sakkiskola"]
[BlackTeam "Edelenyi VSE"]
[WhiteTeamCountry "HUN"]
[BlackTeamCountry "HUN"]

1. d4 Nf6 2. Bf4 d5 3. e3 c5 4. c3 Nc6 5. Bd3 Qb6 6. Qb3 c4 7. Qxb6 axb6 8. Bc2
b5 9. Nf3 b4 10. Bd1 Bf5 11. a3 e6 12. O-O Bd3 13. Re1 Ne4 14. Nfd2 bxa3 15.
bxa3 Nxd2 16. Nxd2 Rxa3 17. Rxa3 Bxa3 18. e4 Ne7 19. Ba4+ Kd8 20. Ra1 Bb2 21.
Ra2 Bxc3 22. Bb5 Nc8 23. Ra8 Bxd4 24. Nf3 Bf6 25. Rb8 g5 26. Nxg5 Bxg5 27.
Bxg5+ Kc7 28. Bf4+ Kb6 29. Bd7 Bxe4 30. Rxc8 Rxc8 31. Bxc8 Kc6 32. f3 Bg6 33.
Kf2 d4 34. Be5 c3 35. Bxd4 c2 36. Bb2 Kc7 37. Bxb7 Kxb7 38. Ke3 Kc6 39. g3 Kd5
40. h4 e5 41. g4 f6 42. Kd2 h6 43. Ba3 Kc4 44. h5 Bh7 45. Bf8 Kb3 46. Kc1 e4
47. fxe4 Bxe4 48. Bxh6 Bf3 49. Bg7 Bxg4 50. Bxf6 Bxh5 51. Bg5 1/2-1/2

[Event "NB II. Barcza csoport"]
[Site "Edeleny"]
[Date "2023.10.29"]
[Round "2.12"]
[White "Berecz, Kristof"]
[Black "Biro, Csilla"]
[Result "1/2-1/2"]
[WhiteElo "1780"]
[BlackElo "1230"]
[PlyCount "133"]
[EventDate "2023.10.08"]
[EventType "team-tourn"]
[EventRounds "9"]
[EventCountry "HUN"]
[Source "chess.hu"]
[WhiteTeam "Edelenyi VSE"]
[BlackTeam "DEAC-Debr.Sakkiskola"]
[WhiteTeamCountry "HUN"]
[BlackTeamCountry "HUN"]

1. e4 e6 2. d4 d5 3. Nd2 Nf6 4. e5 Nfd7 5. Ngf3 c5 6. c3 Nc6 7. Bb5 Qb6 8. Bxc6
bxc6 9. O-O cxd4 10. cxd4 c5 11. dxc5 Bxc5 12. Nb3 Be7 13. Be3 Qb8 14. Bd4 O-O
15. Rc1 Ba6 16. Re1 Bd8 17. Nc5 Nxc5 18. Bxc5 Re8 19. b4 Be7 20. Qd2 h6 21. a3
Bxc5 22. Rxc5 Rc8 23. Rec1 Qb7 24. Qd4 Rxc5 25. Rxc5 Rc8 26. h3 Qd7 27. Rxc8+
Qxc8 28. Qxa7 Qc1+ 29. Kh2 Qf4+ 30. Kh1 Qc1+ 31. Ng1 Bc4 32. Qe3 Qa1 33. Kh2 d4
34. Qd2 d3 35. Nf3 Qxa3 36. Nd4 Qa1 37. Nf3 Qa4 38. Kg1 Qc2 39. Qe3 Qb1+ 40.
Ne1 Qxb4 41. Nxd3 Bxd3 42. Qxd3 Qe1+ 43. Kh2 Qxe5+ 44. g3 Qd5 45. Qe2 Qf5 46.
Qe3 Qf6 47. Qe2 Qd8 48. Qc2 Qb8 49. Qd3 h5 50. h4 Qb6 51. Qe2 Qc5 52. Qd2 Qd5
53. Qe2 g6 54. Qe3 Qf5 55. Qe2 Qg4 56. Qe3 Qf5 57. Qe2 g5 58. hxg5 Qxg5 59. Qc4
Qf5 60. Qc8+ Kg7 61. Qc3+ Qf6 62. Qe3 h4 63. g4 Qh6 64. Qe5+ Kh7 65. Kh3 Qd2
66. Qh5+ Kg8 67. Qxh4 1/2-1/2

[Event "NB II. Barcza csoport"]
[Site "Nyiregyhaza"]
[Date "2023.12.10"]
[Round "3.1"]
[White "Kiss, Pal"]
[Black "Coroian, Sebastian-Dumitru"]
[Result "1/2-1/2"]
[WhiteElo "2252"]
[BlackElo "2103"]
[PlyCount "140"]
[EventDate "2023.10.08"]
[EventType "team-tourn"]
[EventRounds "9"]
[EventCountry "HUN"]
[Source "chess.hu"]
[WhiteTeam "Edelenyi VSE"]
[BlackTeam "NYESE"]
[WhiteTeamCountry "HUN"]
[BlackTeamCountry "HUN"]

1. d4 d5 2. c4 e6 3. Nf3 Nf6 4. g3 dxc4 5. Bg2 Bd7 6. Ne5 Bc6 7. Nxc6 Nxc6 8.
O-O Qd7 9. e3 O-O-O 10. Nd2 e5 11. Nxc4 exd4 12. Qa4 Nd5 13. exd4 Be7 14. Be3
Kb8 15. Rfc1 Bf6 16. Rd1 h5 17. Rac1 h4 18. Ne5 Nxe5 19. Qxd7 Nf3+ 20. Bxf3
Rxd7 21. Bxd5 Rxd5 22. Rc5 Rhd8 23. Rxd5 Rxd5 24. Kf1 hxg3 25. hxg3 Kc8 26. Ke2
Ra5 27. a3 Rb5 28. Rd2 Rb3 29. Kd1 a5 30. Kc2 a4 31. Rd3 Rxd3 32. Kxd3 b5 33.
Bf4 g6 34. Be5 Be7 35. d5 Kd7 36. g4 c6 37. dxc6+ Kxc6 38. f3 Kd5 39. Bc3 Bc5
40. Bf6 Bf2 41. Kc3 Bc5 42. Kd3 Bf8 43. Kc3 Bd6 44. Bd4 f5 45. gxf5 gxf5 46.
Bg7 Be7 47. Bh8 Bf8 48. Bf6 Bc5 49. Bg7 Bd6 50. Bh8 f4 51. Bg7 Be7 52. Bh8 Bf8
53. Bf6 Bd6 54. Bg7 Be5+ 55. Bxe5 Kxe5 56. Kd3 Kd5 57. Kc3 Kc5 58. Kd3 Kd5 59.
Kc3 Kc5 60. Kd3 b4 61. Ke4 Kc4 62. Kxf4 Kb3 63. axb4 Kxb4 64. Kg5 Kb3 65. f4
Kxb2 66. f5 a3 67. f6 a2 68. f7 a1=Q 69. f8=Q Qa3 70. Qxa3+ Kxa3 1/2-1/2

[Event "NB II. Barcza csoport"]
[Site "Nyiregyhaza"]
[Date "2023.12.10"]
[Round "3.2"]
[White "Lazin, Robert-Tamas"]
[Black "Barva, Attila Dr"]
[Result "1/2-1/2"]
[WhiteElo "2086"]
[BlackElo "2359"]
[PlyCount "70"]
[EventDate "2023.10.08"]
[EventType "team-tourn"]
[EventRounds "9"]
[EventCountry "HUN"]
[Source "chess.hu"]
[WhiteTeam "NYESE"]
[BlackTeam "Edelenyi VSE"]
[WhiteTeamCountry "HUN"]
[BlackTeamCountry "HUN"]

1. e4 e6 2. d4 d5 3. Nd2 c5 4. exd5 exd5 5. Ngf3 Nc6 6. Bb5 Qe7+ 7. Qe2 Qxe2+
8. Kxe2 Bd7 9. c3 O-O-O 10. Re1 Nf6 11. Kf1 cxd4 12. Bxc6 Bxc6 13. Nxd4 Bd6 14.
N2f3 Rde8 15. Bg5 Ne4 16. Nxc6 bxc6 17. Be3 Kc7 18. Nd4 Rb8 19. Rab1 g6 20. Nb3
Rhe8 21. f3 Nf6 22. Bxa7 Rxe1+ 23. Rxe1 Ra8 24. Bd4 Nd7 25. Nc1 Bxh2 26. Re7
Rf8 27. Bg7 Rb8 28. Nd3 Kd6 29. Re3 c5 30. f4 f6 31. Bh6 c4 32. Nb4 g5 33. g3
d4 34. Re4 dxc3 35. bxc3 Bxg3 1/2-1/2

[Event "NB II. Barcza csoport"]
[Site "Nyiregyhaza"]
[Date "2023.12.10"]
[Round "3.3"]
[White "Vodila, Martin Botond"]
[Black "Gocza, Adam"]
[Result "1/2-1/2"]
[WhiteElo "2242"]
[BlackElo "2006"]
[PlyCount "44"]
[EventDate "2023.10.08"]
[EventType "team-tourn"]
[EventRounds "9"]
[EventCountry "HUN"]
[Source "chess.hu"]
[WhiteTeam "Edelenyi VSE"]
[BlackTeam "NYESE"]
[WhiteTeamCountry "HUN"]
[BlackTeamCountry "HUN"]

1. e4 c6 2. d4 d5 3. exd5 cxd5 4. Bd3 Nc6 5. c3 e5 6. dxe5 Nxe5 7. Bf4 Nxd3+ 8.
Qxd3 Bd6 9. Ne2 Ne7 10. Nd2 O-O 11. O-O Bf5 12. Qg3 Bxf4 13. Qxf4 Qb6 14. Nb3
a5 15. Ng3 Bg6 16. Qd4 Qb5 17. Qd2 Nc6 18. Rac1 Ne5 19. f4 Nc4 20. Qf2 Be4 21.
Nd2 Bd3 22. Nxc4 dxc4 1/2-1/2

[Event "NB II. Barcza csoport"]
[Site "Nyiregyhaza"]
[Date "2023.12.10"]
[Round "3.4"]
[White "Orso, Janos"]
[Black "Dudas, Peter"]
[Result "1/2-1/2"]
[WhiteElo "1940"]
[BlackElo "2197"]
[PlyCount "21"]
[EventDate "2023.10.08"]
[EventType "team-tourn"]
[EventRounds "9"]
[EventCountry "HUN"]
[Source "chess.hu"]
[WhiteTeam "NYESE"]
[BlackTeam "Edelenyi VSE"]
[WhiteTeamCountry "HUN"]
[BlackTeamCountry "HUN"]

1. e4 e6 2. d4 d5 3. Nd2 Nf6 4. Bd3 c5 5. c3 Nc6 6. Ngf3 cxd4 7. cxd4 Qb6 8.
O-O Be7 9. e5 Nd7 10. Nb3 h6 11. Be3 1/2-1/2

[Event "NB II. Barcza csoport"]
[Site "Nyiregyhaza"]
[Date "2023.12.10"]
[Round "3.5"]
[White "Molnar, Laszlo"]
[Black "Bekesi, Janos"]
[Result "1/2-1/2"]
[WhiteElo "2126"]
[BlackElo "1905"]
[PlyCount "38"]
[EventDate "2023.10.08"]
[EventType "team-tourn"]
[EventRounds "9"]
[EventCountry "HUN"]
[Source "chess.hu"]
[WhiteTeam "Edelenyi VSE"]
[BlackTeam "NYESE"]
[WhiteTeamCountry "HUN"]
[BlackTeamCountry "HUN"]

1. Nf3 d5 2. g3 Nf6 3. Bg2 e6 4. O-O Be7 5. d4 O-O 6. c4 Nbd7 7. Nbd2 b6 8. b3
Bb7 9. Bb2 Rc8 10. Rc1 Re8 11. Ne5 Nxe5 12. dxe5 Nd7 13. Qc2 c5 14. cxd5 Bxd5
15. e4 Bb7 16. Nc4 b5 17. Nd6 Bxd6 18. exd6 e5 19. Rfd1 Re6 1/2-1/2

[Event "NB II. Barcza csoport"]
[Site "Nyiregyhaza"]
[Date "2023.12.10"]
[Round "3.7"]
[White "Bako, Martin"]
[Black "Zelei, Imre"]
[Result "1-0"]
[WhiteElo "1939"]
[BlackElo "1888"]
[PlyCount "123"]
[EventDate "2023.10.08"]
[EventType "team-tourn"]
[EventRounds "9"]
[EventCountry "HUN"]
[Source "chess.hu"]
[WhiteTeam "Edelenyi VSE"]
[BlackTeam "NYESE"]
[WhiteTeamCountry "HUN"]
[BlackTeamCountry "HUN"]

1. d4 Nf6 2. c4 e6 3. Nc3 d5 4. Nf3 dxc4 5. e3 a6 6. a4 Bb4 7. Bxc4 O-O 8. O-O
Nbd7 9. Qc2 c5 10. Na2 Qe7 11. b3 b6 12. e4 Bb7 13. Bd3 h6 14. Nxb4 cxb4 15.
Re1 Rac8 16. Qd2 Rc7 17. Bb2 Rfc8 18. Qe2 Qd8 19. Rad1 Nf8 20. Ne5 a5 21. Nc4
Rd7 22. Rd2 Ng6 23. g3 Nf8 24. e5 Nd5 25. Nd6 Rxd6 26. exd6 Qxd6 27. Qe5 Qc6
28. Bb5 Qc7 29. Rc1 Qd8 30. Rdc2 Rxc2 31. Rxc2 Ng6 32. Qe2 Ndf4 33. gxf4 Nxf4
34. Qg4 Qd5 35. f3 g5 36. Bc4 Qd8 37. Rd2 Qa8 38. Kf2 Ng6 39. Qg3 Nh4 40. Be2
Bd5 41. Rd3 Qc8 42. Qg1 Qc7 43. Bc1 Kf8 44. Be3 f5 45. f4 g4 46. Qc1 Qb7 47.
Rd1 Bxb3 48. Rg1 Kf7 49. Rg3 Bxa4 50. h3 h5 51. hxg4 hxg4 52. Bf1 Bc6 53. Qc4
Bd5 54. Qb5 Qc7 55. Be2 Ng6 56. Rg1 Nxf4 57. Rc1 Nh3+ 58. Kf1 Qd6 59. Qa6 g3
60. Qc8 g2+ 61. Ke1 Kf6 62. Qh8+ 1-0

[Event "NB II. Barcza csoport"]
[Site "Nyiregyhaza"]
[Date "2023.12.10"]
[Round "3.8"]
[White "Tumo, Bence"]
[Black "Kristof, Peter"]
[Result "1/2-1/2"]
[WhiteElo "1863"]
[BlackElo "2067"]
[PlyCount "189"]
[EventDate "2023.10.08"]
[EventType "team-tourn"]
[EventRounds "9"]
[EventCountry "HUN"]
[Source "chess.hu"]
[WhiteTeam "NYESE"]
[BlackTeam "Edelenyi VSE"]
[WhiteTeamCountry "HUN"]
[BlackTeamCountry "HUN"]

1. e4 e6 2. d4 d5 3. exd5 exd5 4. Bd3 Nc6 5. c3 Nf6 6. Bg5 h6 7. Bh4 Be7 8. Nf3
Ne4 9. Bxe7 Qxe7 10. O-O Bg4 11. Re1 O-O-O 12. Nbd2 f5 13. Qc2 Bxf3 14. Nxf3 g5
15. b4 g4 16. Nd2 Qh4 17. Nf1 Rhg8 18. a4 Rdf8 19. a5 Ne7 20. b5 Ng6 21. Ng3
Nf4 22. b6 a6 23. Bf1 Qf6 24. bxc7 Rg7 25. Qc1 Qd6 26. Rb1 Rxc7 27. Rb6 Rc6 28.
Rxc6+ bxc6 29. Bxa6+ Kd7 30. Bf1 h5 31. c4 h4 32. Nxe4 fxe4 33. cxd5 Qxd5 34.
Qc5 Ra8 35. a6 Nd3 36. Bxd3 Qxc5 37. dxc5 exd3 38. Ra1 d2 39. Rd1 Rxa6 40.
Rxd2+ Ke6 41. h3 gxh3 42. Rd6+ Kf5 43. gxh3 Kf4 44. Kg2 Kf5 45. Rh6 Kg5 46. Rd6
Kf5 47. Rd4 Kg5 48. Rg4+ Kh5 49. Re4 Kg5 50. Re5+ Kg6 51. Kf3 Ra3+ 52. Kg4 Ra4+
53. f4 Kf6 54. Rf5+ Ke6 55. Rh5 Rc4 56. Re5+ Kf6 57. Rf5+ Ke6 58. Kg5 Ra4 59.
Re5+ Kf7 60. f5 Rc4 61. f6 Rc3 62. Re7+ Kf8 63. Rh7 Kg8 64. Rg7+ Kf8 65. Rc7
Rxh3 66. Rxc6 Rf3 67. Kxh4 Kf7 68. Kg5 Rg3+ 69. Kf4 Rg1 70. Ke5 Re1+ 71. Kd5
Rd1+ 72. Kc4 Rc1+ 73. Kb5 Rb1+ 74. Ka6 Ra1+ 75. Kb7 Rc1 76. Kc7 Rc2 77. Kd7 Rc1
78. Kc8 Rc2 79. Kb7 Rc1 80. Rc7+ Kxf6 81. c6 Ke6 82. Rd7 Rb1+ 83. Kc8 Rc1 84.
c7 Rh1 85. Rd4 Ke7 86. Kb7 Rb1+ 87. Kc8 Rh1 88. Re4+ Kd6 89. Rd4+ Ke7 90. Rd5
Rh2 91. Kb7 Rb2+ 92. Kc6 Rc2+ 93. Kb7 Rb2+ 94. Kc6 Rc2+ 95. Rc5 1/2-1/2

[Event "NB II. Barcza csoport"]
[Site "Nyiregyhaza"]
[Date "2023.12.10"]
[Round "3.9"]
[White "Csukerda, Attila"]
[Black "Palkovics, Balazs"]
[Result "0-1"]
[WhiteElo "1896"]
[BlackElo "1823"]
[PlyCount "66"]
[EventDate "2023.10.08"]
[EventType "team-tourn"]
[EventRounds "9"]
[EventCountry "HUN"]
[Source "chess.hu"]
[WhiteTeam "Edelenyi VSE"]
[BlackTeam "NYESE"]
[WhiteTeamCountry "HUN"]
[BlackTeamCountry "HUN"]

1. d4 Nf6 2. Bf4 e6 3. e3 c5 4. c3 Nc6 5. Nd2 d5 6. Ngf3 cxd4 7. exd4 Bd6 8.
Bg3 Ne4 9. Nxe4 dxe4 10. Ne5 O-O 11. Bb5 Qc7 12. Bxc6 bxc6 13. O-O f5 14. f4
Bxe5 15. fxe5 Ba6 16. Re1 f4 17. Bh4 e3 18. Qf3 h6 19. Rec1 Bc4 20. b3 Bd5 21.
Qe2 g5 22. Qg4 Rf5 23. Rf1 Qg7 24. Be1 Qg6 25. h4 h5 26. Qh3 g4 27. Qh2 g3 28.
Qh3 e2 29. Rf3 Bxf3 30. gxf3 Rf7 31. a4 Re8 32. b4 Qd3 33. Qg2 Qd1 0-1

[Event "NB II. Barcza csoport"]
[Site "Nyiregyhaza"]
[Date "2023.12.10"]
[Round "3.10"]
[White "Laskai, Gabor"]
[Black "Kiraly, Lilla Virag"]
[Result "1-0"]
[WhiteElo "1654"]
[BlackElo "1875"]
[PlyCount "75"]
[EventDate "2023.10.08"]
[EventType "team-tourn"]
[EventRounds "9"]
[EventCountry "HUN"]
[Source "chess.hu"]
[WhiteTeam "NYESE"]
[BlackTeam "Edelenyi VSE"]
[WhiteTeamCountry "HUN"]
[BlackTeamCountry "HUN"]

1. c4 c5 2. e3 Nc6 3. d4 cxd4 4. exd4 d5 5. c5 g6 6. Nf3 Bg7 7. Be3 Bg4 8. Be2
e6 9. Nbd2 Nge7 10. a3 a5 11. O-O Nf5 12. h3 Bxf3 13. Nxf3 h5 14. Qd2 a4 15.
Rfb1 O-O 16. b4 axb3 17. Rxb3 Qa5 18. Qxa5 Rxa5 19. Rd1 Rfa8 20. Rdd3 Ra4 21.
Rxb7 Rxa3 22. Rxa3 Rxa3 23. Bb5 Nfxd4 24. Bxd4 Nxd4 25. Rb8+ Kh7 26. Ng5+ Kh6
27. Nxf7+ Kh7 28. h4 Nxb5 29. Ng5+ Kh6 30. Rxb5 Ra1+ 31. Kh2 Be5+ 32. g3 Kg7
33. Rb7+ Kg8 34. Nxe6 Ra2 35. c6 Ra8 36. f4 Bf6 37. c7 Rc8 38. Rb8 1-0

[Event "NB II. Barcza csoport"]
[Site "Nyiregyhaza"]
[Date "2023.12.10"]
[Round "3.11"]
[White "Berecz, Kristof"]
[Black "Simon, Ors Attila"]
[Result "0-1"]
[WhiteElo "1630"]
[BlackElo "1698"]
[PlyCount "116"]
[EventDate "2023.10.08"]
[EventType "team-tourn"]
[EventRounds "9"]
[EventCountry "HUN"]
[Source "chess.hu"]
[WhiteTeam "Edelenyi VSE"]
[BlackTeam "NYESE"]
[WhiteTeamCountry "HUN"]
[BlackTeamCountry "HUN"]

1. e4 c6 2. d4 d5 3. exd5 cxd5 4. Bd3 Nc6 5. c3 Nf6 6. Bf4 Qb6 7. Qb3 Qxb3 8.
axb3 Bg4 9. Nd2 a6 10. b4 Ra7 11. Ngf3 e6 12. O-O Be7 13. b5 Nd8 14. bxa6 O-O
15. axb7 Rxb7 16. Ra2 Nh5 17. Bg3 Nxg3 18. hxg3 Bf6 19. Ne5 Bxe5 20. dxe5 Nc6
21. f4 Rfb8 22. b4 g6 23. Nb3 Kg7 24. Nc5 Re7 25. Rfa1 Bf5 26. Bf1 Rc8 27. Ra8
Rcc7 28. b5 Nxe5 29. fxe5 Rxc5 30. R1a7 Rxa7 31. Rxa7 Rxc3 32. b6 Rb3 33. b7
Be4 34. Ba6 d4 35. Kf2 Rb6 36. g4 g5 37. Ke2 Kg6 38. Kd2 h6 39. g3 f5 40. gxf5+
Kxf5 41. Bd3 Kxe5 42. Bxe4 Kxe4 43. Ra6 Rb2+ 44. Kc1 Rxb7 45. Rxe6+ Kf5 46.
Rxh6 Rb3 47. g4+ Kxg4 48. Rd6 d3 49. Kd2 Kg3 50. Rg6 g4 51. Ke3 Kh3 52. Rg7 g3
53. Kf3 d2+ 54. Ke2 Rd3 55. Kd1 Kh2 56. Rh7+ Kg1 57. Rg7 g2 58. Rg6 Kf2 0-1

[Event "NB II. Barcza csoport"]
[Site "Nyiregyhaza"]
[Date "2023.12.10"]
[Round "3.12"]
[White "Teremy, Alex"]
[Black "Galko, Tibor"]
[Result "1/2-1/2"]
[WhiteElo "1436"]
[BlackElo "1800"]
[PlyCount "114"]
[EventDate "2023.10.08"]
[EventType "team-tourn"]
[EventRounds "9"]
[EventCountry "HUN"]
[Source "chess.hu"]
[WhiteTeam "NYESE"]
[BlackTeam "Edelenyi VSE"]
[WhiteTeamCountry "HUN"]
[BlackTeamCountry "HUN"]

1. c3 d5 2. d4 Nf6 3. Nf3 Bf5 4. Nbd2 h6 5. e3 e6 6. Ne5 c6 7. Ndf3 Nbd7 8. Bd3
Ne4 9. O-O f6 10. Nxd7 Qxd7 11. Nh4 g5 12. Nxf5 exf5 13. Qh5+ Qf7 14. Qxf7+
Kxf7 15. f3 Nd6 16. b3 b5 17. Ba3 Ke6 18. Rae1 Nf7 19. Bxf8 Rhxf8 20. e4 dxe4
21. fxe4 f4 22. Rf3 Nd6 23. c4 bxc4 24. bxc4 Rab8 25. d5+ Ke5 26. Rh3 Rh8 27.
c5 Nb7 28. dxc6 Nxc5 29. Bc2 Rbc8 30. Rc3 Rxc6 31. Rd1 Rhc8 32. Ra3 Nxe4 33.
Bxe4 Kxe4 34. Rxa7 Rc1 35. Rxc1 Rxc1+ 36. Kf2 Rc2+ 37. Kf1 g4 38. Ra4+ Kf5 39.
Ra5+ Kg6 40. a4 h5 41. Ra8 Ra2 42. a5 f3 43. gxf3 Rxh2 44. a6 Ra2 45. a7 Kf5
46. Rh8 Rxa7 47. Rxh5+ Kf4 48. fxg4 Kxg4 49. Rb5 f5 50. Rb3 Ra2 51. Rc3 Rh2 52.
Ra3 Rh6 53. Rb3 f4 54. Ra3 Rb6 55. Rc3 Rb1+ 56. Kf2 Rb2+ 57. Kf1 Ra2 1/2-1/2

[Event "NB II. Barcza csoport"]
[Site "Hajduboszormeny"]
[Date "2023.12.10"]
[Round "3.1"]
[White "Kerek, Krisztian"]
[Black "Gal, Jozsef Istvan"]
[Result "1/2-1/2"]
[WhiteElo "2222"]
[BlackElo "2260"]
[PlyCount "33"]
[EventDate "2023.10.08"]
[EventType "team-tourn"]
[EventRounds "9"]
[EventCountry "HUN"]
[Source "chess.hu"]
[WhiteTeam "Mezokovesd  Zsory SE"]
[BlackTeam "Hajduboszormenyi SE"]
[WhiteTeamCountry "HUN"]
[BlackTeamCountry "HUN"]

1. e4 c5 2. Nf3 d6 3. Bb5+ Bd7 4. a4 a6 5. Bxd7+ Qxd7 6. O-O Nc6 7. Re1 Nf6 8.
d3 e6 9. Nbd2 Be7 10. Nc4 Rd8 11. e5 dxe5 12. Nfxe5 Nxe5 13. Nxe5 Qc7 14. Bg5
Rd5 15. Qe2 O-O 16. c4 Rdd8 17. a5 1/2-1/2